000 00718nam a2200253 a 4500
001 BRL_25
005 20190320210544.0
008 071212s1966 nyua######---#001-0#eng-#
040 _aDLC
_cDLC
_dDLC
041 _aeng
044 _anyu
050 4 _aTR650
_b.S93 1966
100 1 _aSzarkowski, John
_922678
245 1 0 _aThe photographer´s eye
_cby John Szarkowski.
260 _aNueva York
_bMuseum of Modern Art
_cc1966
300 _a155 p.
_bil.
_c23 cm.
500 _aIncluye índice alfabético
500 _aLa biblioteca cuenta con 2 ejemplares
500 _aej.1 Au13, ej.2 Au14
650 1 4 _aFotografía artística
_92547
650 1 4 _aFotografía
_xHistoria
_914547
902 _aGRL
942 _2lcc
_cB
999 _c8838
_d8838